000 00637nam a2200205Ia 4500
008 160105s9999 xx 000 0 und d
020 _a3-905039-16-1
041 _afre
245 _aLes virus
250 _a5. ed.
260 _aParis
260 _bPUF
260 _c1984
490 _aQue sais-je ?
500 _aCote d'origine affectée par la BC : BC_650 96/B devient BO_632.38 LE
654 _xVIRUS/COMPOSITION CHIMIQUE/REPRODUCTION/GENETIQUE/TAXONOMIE/NEOPLASME/IMMUNITE/CONTROLE DE MALADIES/VIRUS DES ANIMAUX/CELLULE/ETATS UNIS/AMERIQUE/ALLEMAGNE/EUROPE
942 _c09
994 _a107246
999 _c7180
_d35178